000
00262nam a2200109Ia 4500
008
190912s9999||||xx |||||||||||||| ||und||
100
_a
Albert Paul Malvino
245
0
_a
Electronic Principles
260
_a
USA
_b
McGraw -Hill
_c
1999
300
_a
1012
942
_c
BK
999
_c
7265
_d
7265